| 000 | 00468nam a2200145 i 4500 | ||
|---|---|---|---|
| 001 | 128449 | ||
| 003 | ES-MaACL | ||
| 007 | t| | ||
| 008 | 070511s1930 sp ||||1| spa d | ||
| 100 | 1 |
_aTaboada Tundidor, Carlos. _9109033 |
|
| 245 | 1 | 4 |
_aLas denuncia y querella delictivas _b: apuntes acerca de la mentira como delito / _cCarlos Taboada Tundidor. |
| 260 |
_aMadrid : _bEditorial Reus, _c1930. |
||
| 300 |
_a198 p. ; _c19 cm. |
||
| 852 |
_aES-MaACL _jB-9772 _bR.19443 |
||
| 999 |
_c128449 _d128449 |
||